Bài giảng An introduction to English literature

Na minha lista:
Detalhes bibliográficos
Autor principal: Nguyễn, Thu Hương
Formato: Livro
Idioma:Undetermined
Publicado em: Cần Thơ Trường Đại học Cần Thơ 2000
Assuntos:
Tags: Adicionar Tag
Sem tags, seja o primeiro a adicionar uma tag!
Thư viện lưu trữ: Trung tâm Học liệu Trường Đại học Cần Thơ
LEADER 00577nam a2200181Ia 4500
001 CTU_43850
008 210402s9999 xx 000 0 und d
082 |a 820.7 
082 |b H561 
100 |a Nguyễn, Thu Hương 
245 0 |a Bài giảng An introduction to English literature 
245 0 |c Nguyễn Thu Hương 1 (Biên soạn) 
260 |a Cần Thơ 
260 |b Trường Đại học Cần Thơ 
260 |c 2000 
650 |a English literature 
904 |i Thùy Trang (sửa) 
980 |a Trung tâm Học liệu Trường Đại học Cần Thơ